[Event "POL-ch U17 Girls Qual"]
[Site "Jastrzebia Gora"]
[Date "2021.11.18"]
[Round "6"]
[White "Kowalska, Julia"]
[Black "Drela, Monika"]
[Result "0-1"]
[WhiteElo "1197"]
[BlackElo "1272"]
[PlyCount "94"]
[EventDate "2021.11.15"]
[EventType "swiss"]
[EventRounds "9"]
[EventCountry "POL"]
[SourceTitle "EXT 2023"]
[Source "ChessBase"]
[SourceDate "2022.10.05"]
[SourceVersion "1"]
[SourceVersionDate "2022.10.05"]
[SourceQuality "1"]

1. e4 c5 2. Nf3 d6 3. d4 cxd4 4. Nxd4 Nf6 5. Nc3 g6 6. Be2 Bg7 7. Be3 Nc6 8. Qd2 Nxd4 9. Bxd4 0-0 10. 0-0-0 Qa5 11. Kb1 Be6 12. b3 a6 13. f3 Qc7 14. Nd5 Bxd5 15. exd5 Rfc8 16. c4 a5 17. Rde1 a4 18. Bd1 b5 19. cxb5 Nxd5 20. Bxg7 Kxg7 21. bxa4 Nc3+ 22. Ka1 Nxd1 23. Qxd1 Qc4 24. Rxe7 Rxa4 25. Qe2 Qc3+ 26. Qb2 Qxb2+ 27. Kxb2 Rb4+ 28. Ka1 Rxb5 29. Rb1 Rcb8 30. Rxb5 Rxb5 31. Re2 Kf6 32. a3 d5 33. Rb2 Ra5 34. Rb6+ Ke5 35. Kb2 Ra7 36. Kb3 Kd4 37. a4 Kd3 38. Kb4 d4 39. Rd6 Ke3 40. a5 d3 41. Rd8 Ke2 42. Re8+ Kd1 43. Kb5 d2 44. Rd8 Re7 45. a6 Ke2 46. a7 Rxa7 47. Re8+ Kf2 0-1

[Event "POL-ch U17 Girls Qual"]
[Site "Jastrzebia Gora"]
[Date "2021.11.17"]
[Round "4"]
[White "Kowalska, Julia"]
[Black "Rodzik, Malgorzata"]
[Result "0-1"]
[WhiteElo "1197"]
[BlackElo "1198"]
[PlyCount "68"]
[EventDate "2021.11.15"]
[EventType "swiss"]
[EventRounds "9"]
[EventCountry "POL"]
[SourceTitle "EXT 2023"]
[Source "ChessBase"]
[SourceDate "2022.10.05"]
[SourceVersion "1"]
[SourceVersionDate "2022.10.05"]
[SourceQuality "1"]

1. e4 c5 2. Nf3 e6 3. d4 cxd4 4. Nxd4 d6 5. Nc3 Nf6 6. Bb5+ Nbd7 7. Bg5 Be7 8. Bxd7+ Bxd7 9. Rb1 0-0 10. 0-0 Qc7 11. Ndb5 Bxb5 12. Nxb5 Qc6 13. Qd3 a6 14. Nd4 Qc5 15. Bxf6 Bxf6 16. Nb3 Qc7 17. c3 Rad8 18. Rbd1 d5 19. Qf3 dxe4 20. Qxe4 b6 21. Nd4 Qc4 22. Qc6 Rxd4 23. Qxb6 Rxd1 24. Rxd1 Qxa2 25. g3 Qa4 26. Rd6 Qe4 27. Qxa6 Qb1+ 28. Kg2 Qxb2 29. Rc6 Bxc3 30. Rc8 g6 31. Rxf8+ Kxf8 32. Qd6+ Kg7 33. h4 Bd4 34. Qf4 e5 0-1

[Event "POL-ch U17 Girls Qual"]
[Site "Jastrzebia Gora"]
[Date "2021.11.16"]
[Round "2"]
[White "Kowalska, Julia"]
[Black "Wojtas, Julia"]
[Result "0-1"]
[WhiteElo "1197"]
[BlackElo "1443"]
[PlyCount "52"]
[EventDate "2021.11.15"]
[EventType "swiss"]
[EventRounds "9"]
[EventCountry "POL"]
[SourceTitle "EXT 2023"]
[Source "ChessBase"]
[SourceDate "2022.10.05"]
[SourceVersion "1"]
[SourceVersionDate "2022.10.05"]
[SourceQuality "1"]

1. e4 c5 2. Nf3 d6 3. c4 e5 4. Nc3 g6 5. d3 Bg7 6. b3 Ne7 7. Be2 0-0 8. 0-0 Nbc6 9. Bb2 f5 10. Nd2 Nd4 11. Rb1 a6 12. Nf3 Ne6 13. Bc1 f4 14. a3 g5 15. h3 Nc6 16. Nd5 Ned4 17. Nh2 Nxe2+ 18. Qxe2 Nd4 19. Qd1 f3 20. Nxf3 Nxf3+ 21. gxf3 Bxh3 22. Re1 g4 23. fxg4 Qh4 24. Be3 Bxg4 25. Qd2 Bf3 26. Kf1 Qh1# 0-1